| 000 | 00345nam a22001457a 4500 | ||
|---|---|---|---|
| 020 | _a978-93-5025-374-8 | ||
| 082 | _a616.0707,E11C | ||
| 100 | _aCHAUDHARY,MAYUR | ||
| 245 | _aESSENTIALS OF PEDIATRIC ORAL PATHOLOGY | ||
| 250 | _a1ST | ||
| 260 |
_aNEW DELHI _bJAYPEE BROTHERS _c2011 |
||
| 300 | _a462 | ||
| 650 | _aPEDODONTICS | ||
| 942 |
_2ddc _cBK |
||
| 999 |
_c9834 _d9834 |
||